S-P-O-R-C-L-E Miscellaneous Images Quiz Stats

 Plays Quiz Updated Oct 9, 2016

Challenge
Share
Tweet
Score 0/21 Timer 05:00
4 Plays Today
% Correct
Pepsi
98.7%
Starbucks
98.4%
LG
88.2%
Red Bull
88.2%
Rice Krispies
86.2%
Cheerios
85.8%
Pug
82.9%
Lucky Charms
82.7%
Electronic Arts
76.8%
Chevron
70.6%
Chihuahua
61.6%
% Correct
Rottweiler
57.1%
Eggo
54.4%
Siberian Husky
50.2%
Shredded Wheat
49.9%
Orbitz
38.9%
Lhasa Apso
20.1%
English Setter
8.1%
Product 19
6.1%
Oatmeal Crisp
4.4%
Otterhound
4.2%

You're not logged in!

Compare scores with friends on all Sporcle quizzes.
OR
Log In

You Might Also Like...

Show Comments

Extras

Top Quizzes Today


Score Distribution

Your Account Isn't Verified!

In order to create a playlist on Sporcle, you need to verify the email address you used during registration. Go to your Sporcle Settings to finish the process.

Report this User

Report this user for behavior that violates our Community Guidelines.

Details: